| 000 | 00848nam a22002057a 4500 | ||
|---|---|---|---|
| 999 |
_c64690 _d64690 |
||
| 005 | 20240530110744.0 | ||
| 008 | 181125s2018 ua g 000 0 ara d | ||
| 017 | _bمصر. دار الكتب | ||
| 040 |
_aEG-CaGPL _cEG-CaGPL |
||
| 082 | 0 | 4 |
_221 _a953.082 / _bإ د |
| 100 | 0 | _aابراهيم خميس | |
| 245 | 1 | 0 |
_aدراسات فى تاريخ مكة المكرمة والمدينة المنورة فى العصر المملوكى / _cابراهيم خميس |
| 260 |
_aالاسكندرية : _bدار المعرفة الجامعية ، _c2018. |
||
| 300 |
_a102 ص. ؛ _c24 سم. |
||
| 650 | _2qrmak | ||
| 651 | 0 | 7 |
_2qrmak _aالمدينة المنورة _xتاريخ _yعصر المماليك |
| 651 | 0 | 7 |
_2qrmak _aمكة المكرمة _xتاريخ _yعصر المماليك |
| 942 |
_2ddc _cBK |
||